| 000 | 00646nam a2200121Ia 4500 | ||
|---|---|---|---|
| 008 | 220615s9999||||xx |||||||||||||| ||und|| | ||
| 245 | 0 |
_aAcquisition and Loss of Nationality|Volume 2: Country Analyses _bPolicies and Trends in 15 European Countries |
|
| 546 | _aEnglish[eng] | ||
| 650 | _awetenschap algemeen||popular science | ||
| 700 | _aGroenendijk, Kees||Ersbøll, Eva||Waldrauch, Harald||Bauböck, Rainer | ||
| 856 | _uhttps://library.oapen.org/bitstream/20.500.12657/35189/1/340146.pdf||https://library.oapen.org/bitstream/20.500.12657/35189/1/340146.pdf||https://library.oapen.org/bitstream/20.500.12657/35189/1/340146.pdf | ||
| 942 | _cEB | ||
| 999 |
_c12749 _d12749 |
||